000 00404nam a2200169Ia 4500
008 210210b1903 xxu||||| |||| 00| 0 eng d
041 _aeng
082 _a548/51
100 _aMENSCHUTKIN (N)
245 _aAnalytical chemistry
260 _aLondon
_bMacmillan & Co. Ltd.
_c1903
300 _a51
650 _achemistry
650 _aAnalytical
690 _aAnalytical Chemistry
906 _a009987
999 _c128158
_d128158